[Event "HUN-chT2 9900"]
[Site "Hungary"]
[Date "1999.11.21"]
[Round "5"]
[White "Rozgonyi, Aron"]
[Black "Sinka, Istvan"]
[Result "0-1"]
[WhiteElo "2262"]
[BlackElo "2332"]
[PlyCount "90"]
[EventDate "1999.09.26"]
[EventType "team"]
[EventRounds "11"]
[EventCountry "HUN"]
[SourceTitle "EXT 2002"]
[Source "ChessBase"]
[SourceDate "2001.11.25"]
[SourceVersion "1"]
[SourceVersionDate "2001.11.25"]
[SourceQuality "1"]

1. e4 e6 2. d4 d5 3. exd5 exd5 4. Bd3 Nc6 5. c3 Bd6 6. Nf3 Bg4 7. 0-0 Nge7 8. Bg5 Qd7 9. Nbd2 f6 10. Bh4 0-0-0 11. Qa4 Kb8 12. b4 Nxd4 13. Qxd7 Nxf3+ 14. Nxf3 Bxd7 15. Nd4 Ng6 16. Bg3 Bxg3 17. hxg3 Ne5 18. Bc2 g6 19. Bb3 c6 20. Rfe1 Rhe8 21. Re2 Nf7 22. Rae1 Rxe2 23. Rxe2 Re8 24. Rxe8+ Bxe8 25. c4 dxc4 26. Bxc4 Nd6 27. Bg8 h6 28. f3 Kc7 29. Kf2 Bf7 30. Ne6+ Kb6 31. Bxf7 Nxf7 32. Nc5 Kb5 33. a3 b6 34. Ne6 Ka4 35. Nd4 Nd8 36. Ke3 Kxa3 37. b5 c5 38. Nc6 Ne6 39. Nxa7 Kb4 40. f4 c4 41. g4 c3 42. f5 gxf5 43. gxf5 Nc5 44. g4 c2 45. Kd2 Kb3 0-1

[Event "HUN-chT 9697"]
[Site "Hungary"]
[Date "1996.??.??"]
[Round "5"]
[White "Pergel, Laszlo"]
[Black "Rozgonyi, Aron"]
[Result "1/2-1/2"]
[WhiteElo "2210"]
[BlackElo "2125"]
[PlyCount "68"]
[EventDate "1996.??.??"]
[EventType "team"]
[EventRounds "12"]
[EventCountry "HUN"]
[SourceTitle "EXT 2006"]
[Source "ChessBase"]
[SourceDate "2005.11.24"]
[SourceVersion "1"]
[SourceVersionDate "2005.11.24"]
[SourceQuality "1"]
[WhiteTeam "Haladas"]
[BlackTeam "DUTEP"]
[WhiteTeamCountry "HUN"]
[BlackTeamCountry "HUN"]

1. e4 e5 2. Nf3 Nc6 3. Nc3 Nf6 4. d4 exd4 5. Nd5 d6 6. Nxd4 Nxd5 7. exd5 Ne5 8. Be2 Be7 9. 0-0 0-0 10. f4 Ng6 11. Bf3 Bf6 12. Ne2 Re8 13. Ng3 Bh4 14. Nh5 Be7 15. Qd4 Bf8 16. Bd2 Nh4 17. Bc3 f6 18. Be4 Bf5 19. Bxf5 Nxf5 20. Qd3 Nh6 21. Rf3 Kh8 22. Rh3 a6 23. g4 Qd7 24. g5 fxg5 25. fxg5 Qg4+ 26. Kh1 Nf5 27. Rf1 Re3 28. Rxe3 Nxe3 29. Qxe3 Qxh5 30. Qf4 Kg8 31. Re1 Re8 32. Rxe8 Qxe8 33. Qf5 Qf7 34. Qxf7+ Kxf7 1/2-1/2

[Event "Schwanstetten op"]
[Site "Schwanstetten"]
[Date "1994.??.??"]
[Round "?"]
[White "Fischer, Markus"]
[Black "Rozgonyi, Aron"]
[Result "1-0"]
[WhiteElo "2290"]
[BlackElo "2170"]
[PlyCount "85"]
[EventDate "1994.??.??"]
[EventType "swiss"]
[EventRounds "9"]
[EventCountry "GER"]
[SourceTitle "EXT 2004"]
[Source "ChessBase"]
[SourceDate "2003.11.25"]
[SourceVersion "1"]
[SourceVersionDate "2003.11.25"]
[SourceQuality "1"]

1. e4 e5 2. Nf3 Nc6 3. Bb5 a6 4. Ba4 Nf6 5. 0-0 b5 6. Bb3 Be7 7. d4 d6 8. c3 0-0 9. Qe2 Bg4 10. Rd1 Qc8 11. Be3 Na5 12. Bc2 c5 13. Bd3 d5 14. Nbd2 exd4 15. cxd4 c4 16. Bc2 Qb7 17. e5 Ne4 18. Bf4 Nxd2 19. Bxd2 Nc6 20. Be3 Qd7 21. h3 Bf5 22. Bxf5 Qxf5 23. Nh2 Nb4 24. Nf1 Nd3 25. g4 Qg6 26. Ng3 Bg5 27. Nf5 Rfe8 28. a4 Bxe3 29. fxe3 Qe6 30. axb5 axb5 31. Nd6 Rxa1 32. Rxa1 Rb8 33. Nxb5 h5 34. Nd6 Rxb2 35. Qf3 hxg4 36. hxg4 Rb8 37. Nf5 c3 38. e4 dxe4 39. Qxe4 Nb4 40. Rc1 c2 41. Rxc2 Nxc2 42. Qxc2 Rc8 43. Qxc8+ 1-0

[Event "Schwanstetten op"]
[Site "Schwanstetten"]
[Date "1994.??.??"]
[Round "?"]
[White "Rozgonyi, Aron"]
[Black "Biro, Sandor"]
[Result "0-1"]
[WhiteElo "2170"]
[BlackElo "2300"]
[PlyCount "52"]
[EventDate "1994.??.??"]
[EventType "swiss"]
[EventRounds "9"]
[EventCountry "GER"]
[SourceTitle "EXT 2004"]
[Source "ChessBase"]
[SourceDate "2003.11.25"]
[SourceVersion "1"]
[SourceVersionDate "2003.11.25"]
[SourceQuality "1"]

1. e4 e5 2. Nf3 Nc6 3. Bb5 a6 4. Ba4 d6 5. 0-0 Bg4 6. c3 Qf6 7. d3 Nge7 8. h3 h5 9. hxg4 hxg4 10. Ng5 Qh6 11. f3 Qh2+ 12. Kf2 g3+ 13. Ke1 Ng6 14. Be3 Nh4 15. Bg1 Nxg2+ 16. Kd2 Qh6 17. f4 Nxf4 18. Qg4 Qg6 19. Bb3 Nd8 20. Qf5 Qh5 21. Bd1 Qh1 22. Bg4 Be7 23. Bf3 Qh6 24. Nxf7 Nxf7 25. Be3 Qh2+ 26. Kc1 g6 0-1